[Event "Challenge2"]
[Site "http://www.queenalice.com/game.php?id=252939"]
[Date "2007.8.8"]
[Round "-"]
[White "leafar"]
[Black "Bon"]
[Result "0-1"]
[WhiteElo "1676"]
[BlackElo "1583"]

1. e4 e5 2. d3 Nc6 3. Nf3 Nf6 4. Be2 d5 5. exd5 Nxd5 6. O-O Bd6 7. c4 Nf6 8. Nc3
Nd4 9. Nxd4 exd4 10. Ne4 Nxe4 11. dxe4 Be5 12. Qb3 Qh4 13. g3 Qxe4 14. Bf3 Qg6
15. Bxb7 Bxb7 16. Qxb7 O-O 17. Bd2 Rfb8 18. Qd5 Qe6 19. Qxe6 fxe6 20. Rae1 Rxb2
21. Rxe5 Rxd2 22. Rxe6 Rxa2 23. Rd1 c5 24. Kg2 Rc2 25. Rde1 Rxc4 26. f4 d3 27.
Rd6 Rc3 28. Re7 Kf8 29. Red7 Rc2+ 30. Kh3 d2 31. Rxd2 Rxd2 32. Rxd2 c4 33. Rc2
Rc8 34. Kg4 a5 35. Kf3 a4 36. Ke3 c3 37. Kd3 a3 38. Rxc3 Ra8 39. Rc1 a2 40. Ra1
g6 41. Kc2 Re8 42. Rxa2 Re2+ 43. Kb3 Rxa2 44. Kxa2 h5 45. Kb3 Kf7 46. Kc4 Kf6
47. Kd4 Kf5 48. Ke3 Kg4 49. Ke4 Kh3 50. f5 gxf5+ 51. Kxf5 Kg2 52. h4 Kxg3 0-1

[Event "Challenge 1000"]
[Site "http://www.queenalice.com/game.php?id=290164"]
[Date "2007.10.20"]
[Round "-"]
[White "Bon"]
[Black "Alice"]
[Result "1-0"]
[WhiteElo "1603"]
[BlackElo "1203"]

1. e4 e6 2. Nc3 b6 3. e5 Nc6 4. Nf3 g6 5. Bc4 Bb7 6. d4 Bg7 7. O-O Qe7 8. Bf4
O-O-O 9. a3 d6 10. Qe2 dxe5 11. dxe5 h6 12. Rad1 g5 13. Be3 Nxe5 14. Rxd8+ Qxd8
15. Nxe5 Qe7 16. Nf3 Nf6 17. Ba6 Bxa6 18. Qxa6+ Kd7 19. Qxa7 Rd8 20. Bxb6 Ke8
21. Bxc7 Nd5 22. Nxd5 Rxd5 23. Qa8+ Kd7 24. Bb6 Rd6 25. Bc5 Bxb2 26. Bxd6 Qxd6
27. Qb7+ Ke8 28. Qxb2 Qd5 29. Qb8+ Ke7 30. Qe5 f6 31. Qxd5 exd5 32. a4 f5 33. a5
Kd7 34. a6 g4 35. Nd4 Kc7 36. a7 Kb7 37. Ra1 Ka8 38. h3 gxh3 39. gxh3 h5 40.
Nxf5 Kb7 41. a8=Q+ Kb6 42. Qa6+ Kc5 43. Qd6+ Kc4 44. Qc6+ Kb4 45. Rb1+ Ka3 46.
Qa6# 1-0

[Event "Challenge 2000"]
[Site "http://www.queenalice.com/game.php?id=290165"]
[Date "2007.10.20"]
[Round "-"]
[White "Alice"]
[Black "Bon"]
[Result "0-1"]
[WhiteElo "1202"]
[BlackElo "1581"]

1. e3 e5 2. b3 e4 3. Bb2 Nf6 4. g3 Bc5 5. d4 exd3 6. Bxd3 Nc6 7. Nf3 O-O 8. Na3
d5 9. Qe2 Re8 10. O-O-O d4 11. Qd2 dxe3 12. fxe3 Bxe3 13. Qxe3 Rxe3 14. Rhf1 Nb4
15. Kb1 Nxd3 16. cxd3 Rxd3 17. Rxd3 Qxd3+ 18. Nc2 Qxf1+ 19. Nce1 Qe2 20. Bc3
Bf5+ 21. Kc1 Qxa2 22. Kd1 Qxb3+ 23. Kd2 Rd8+ 24. Kc1 Qb1# 0-1

[Event "Challenge"]
[Site "http://www.queenalice.com/game.php?id=377157"]
[Date "2008.3.26"]
[Round "-"]
[White "Bon"]
[Black "JhonDie"]
[Result "0-1"]
[WhiteElo "1605"]
[BlackElo "1848"]

1. e4 Nc6 2. Nc3 e6 3. d4 d5 4. Bd3 Bb4 5. Bd2 Nxd4 6. Nb5 Bxd2+ 7. Qxd2 Nxb5 8.
Bxb5+ c6 9. Bd3 Ne7 10. e5 O-O 11. Nf3 c5 12. O-O c4 13. Be2 h6 14. Nd4 Qb6 15.
b3 Nc6 16. c3 Nxe5 17. b4 Nd7 18. f4 Nf6 19. Bf3 Bd7 20. a4 a5 21. b5 Qc5 22.
Rfe1 Rae8 23. Kh1 Qd6 24. h3 e5 25. fxe5 Rxe5 26. Rxe5 Qxe5 27. Re1 Qd6 28. Re3
Qa3 29. Qe1 Re8 30. Rxe8+ Bxe8 31. Bd1 Ne4 32. Kh2 Qxc3 33. Qxc3 Nxc3 34. Bc2
Bd7 35. g4 Ne4 36. Kg2 g6 37. Kf3 f5 38. gxf5 Bxf5 39. Kf4 Bxh3 40. Ke5 g5 41.
Kxd5 Nd2 42. Kc5 g4 43. Nf5 h5 44. Kb6 Bg2 45. Kxa5 Be4 46. Bxe4 Nxe4 47. Kb6 c3
48. Kxb7 c2 49. b6 c1=Q 50. Ka7 Qc5 51. Nh6+ Kg7 52. Nf5+ Qxf5 53. b7 Qa5+ 54.
Kb8 Nc5 55. Kc8 Nxb7 56. Kxb7 g3 57. Kc8 g2 58. Kd7 g1=Q 59. Ke6 Qgb6+ 60. Ke7
Qaa7+ 61. Ke8 Qbb8# 0-1

[Event "Play IX"]
[Site "http://www.queenalice.com/game.php?id=432216"]
[Date "2008.7.12"]
[Round "-"]
[White "Bon"]
[Black "m"]
[Result "0-1"]
[WhiteElo "1599"]
[BlackElo "1906"]

1. e4 c5 2. c4 e6 3. e5 Nc6 4. Nf3 Nge7 5. Nc3 Ng6 6. Bd3 Ngxe5 7. Nxe5 Nxe5 8.
Qe2 Nxd3+ 9. Qxd3 Be7 10. O-O O-O 11. Qg3 b6 12. d3 f5 13. a3 Rf6 14. Bg5 Rg6
15. Bxe7 Qxe7 16. Qf3 Rb8 17. a4 Bb7 18. Nd5 exd5 19. cxd5 Qd6 20. Qxf5 Rf8 21.
Qh3 Bxd5 22. g3 Qf6 23. Qxd7 Qf3 24. Qh3 Qh1# 0-1

[Event "Play X"]
[Site "http://www.queenalice.com/game.php?id=432221"]
[Date "2008.7.12"]
[Round "-"]
[White "m"]
[Black "Bon"]
[Result "1-0"]
[WhiteElo "1835"]
[BlackElo "1599"]

1. d4 d5 2. c4 Nf6 3. Nc3 Be6 4. Qb3 b6 5. e3 Nc6 6. cxd5 Bxd5 7. Qc2 e6 8. Bb5
a6 9. Nxd5 Kd7 10. Qxc6+ Kc8 11. Qxa8# 1-0

[Event "Challenge"]
[Site "http://www.queenalice.com/game.php?id=453222"]
[Date "2008.8.25"]
[Round "-"]
[White "LadyAndrea"]
[Black "Bon"]
[Result "1-0"]
[WhiteElo "1841"]
[BlackElo "1599"]

1. d4 d5 2. Nf3 Nc6 3. e3 Nf6 4. Bd3 Bg4 5. h3 Bxf3 6. Qxf3 e6 7. a3 Bd6 8. Nc3
O-O 9. e4 dxe4 10. Nxe4 Nxd4 11. Nxf6+ Qxf6 12. Qxf6 gxf6 13. Be3 Nxc2+ 14. Bxc2
Be5 15. O-O-O f5 16. f4 Bf6 17. Rd7 Rfc8 18. g4 fxg4 19. hxg4 Bd8 20. Rxh7 c6
21. Rhxf7 b5 22. Bh7+ Kh8 23. Rf8# 1-0

[Event "Challenge"]
[Site "http://www.queenalice.com/game.php?id=453224"]
[Date "2008.8.25"]
[Round "-"]
[White "Bon"]
[Black "LadyAndrea"]
[Result "0-1"]
[WhiteElo "1610"]
[BlackElo "1685"]

1. e4 e5 2. Nf3 d6 3. Nc3 a6 4. Nd5 Be6 5. Bc4 b5 6. Bb3 c6 7. Ne3 Qf6 8. Bxe6
Qxe6 9. O-O Nf6 10. d3 h6 11. b4 d5 12. exd5 Nxd5 13. Nxd5 Qxd5 14. Re1 Bd6 15.
c3 Nd7 16. a4 O-O 17. c4 Qe6 18. c5 Bc7 19. d4 e4 20. Bb2 f5 21. Ne5 Nxe5 22.
dxe5 Bxe5 23. Bxe5 Qxe5 24. axb5 axb5 25. Qb3+ Kh7 26. Qb1 f4 27. f3 Qd4+ 28.
Kf1 Rxa1 29. Qxa1 Qxa1 30. Rxa1 e3 31. Ke2 Rd8 32. Rd1 Rxd1 33. Kxd1 Kg6 34. Ke2
Kf5 35. g3 g5 36. g4+ Ke5 37. Kd3 Kd5 38. h3 Ke5 39. Kc3 e2 40. Kd2 Kd4 41. Ke1
Ke3 42. h4 Kxf3 43. h5 Kxg4 44. Kxe2 Kxh5 45. Kf3 Kh4 46. Kg2 g4 47. Kh2 g3+ 48.
Kh1 f3 49. Kg1 Kg4 50. Kh1 h5 51. Kg1 h4 52. Kh1 h3 53. Kg1 Kf4 54. Kh1 Ke3 55.
Kg1 f2+ 56. Kh1 f1=Q# 0-1

[Event "Challenge"]
[Site "http://www.queenalice.com/game.php?id=540879"]
[Date "2009.2.15"]
[Round "-"]
[White "PestinhaX"]
[Black "Bon"]
[Result "0-1"]
[WhiteElo "976"]
[BlackElo "1597"]

1. h4 Nf6 2. g3 e5 3. e3 e4 4. d4 exd3 5. cxd3 d5 6. Ne2 Bg4 7. Rh3 Bxh3 8. Bxh3
Bb4+ 9. Nd2 O-O 10. a3 Bxd2+ 11. Bxd2 Nc6 12. Bb4 Nxb4 13. Nc3 Nc6 14. f4 Re8
15. Qf3 a6 16. O-O-O a5 17. b4 axb4 18. axb4 Nxb4 19. e4 d4 0-1

[Event "Challenge"]
[Site "http://www.queenalice.com/game.php?id=563212"]
[Date "2009.3.28"]
[Round "-"]
[White "Bon"]
[Black "brian327"]
[Result "1-0"]
[WhiteElo "1593"]
[BlackElo "1100"]

1. e4 e5 2. Nf3 Nc6 3. Nc3 a6 4. Nd5 d6 5. Bc4 Bg4 6. h3 Be6 7. Qe2 Nf6 8. Nxf6+
Qxf6 9. Bxe6 Qxe6 10. d3 h6 11. Be3 Be7 12. g4 O-O-O 13. c4 g6 14. Rc1 f6 15. a3
h5 16. g5 fxg5 17. Nxg5 Bxg5 18. Bxg5 Rd7 19. h4 1-0

[Event "Challenge"]
[Site "http://www.queenalice.com/game.php?id=577097"]
[Date "2009.4.24"]
[Round "-"]
[White "Bon"]
[Black "knight401"]
[Result "1-0"]
[WhiteElo "1595"]
[BlackElo "1562"]

1. e4 e5 2. Nf3 Nc6 3. Bb5 a6 4. Bxc6 dxc6 5. Nxe5 Qd4 6. Nf3 Qxe4+ 7. Kf1 Bg4
8. Nc3 Qf5 9. Qe1+ Be7 10. Nd4 Qd7 11. Nb3 Nf6 12. d4 O-O-O 13. Bg5 Rhe8 14. a4
h6 15. Bf4 Nd5 16. Bd2 Bb4 17. Qc1 Qf5 18. h3 Bxh3 19. Rxh3 Bxc3 20. bxc3 Re2
21. Kxe2 Qe4+ 22. Kf1 Rd6 23. Nc5 Qf5 24. Rb1 1-0

[Event "Challenge"]
[Site "http://www.queenalice.com/game.php?id=609513"]
[Date "2009.6.27"]
[Round "-"]
[White "loulou429"]
[Black "Bon"]
[Result "0-1"]
[WhiteElo "1627"]
[BlackElo "1599"]

1. e4 e5 2. Nf3 Nc6 3. Bb5 Nd4 4. Nxd4 exd4 5. O-O Bc5 6. Bc4 Nf6 7. e5 Ne4 8.
Qg4 Ng5 9. h4 d6 10. Qxg5 Qxg5 11. hxg5 Bf5 12. Bd3 Bxd3 13. cxd3 dxe5 14. Re1
f6 15. gxf6 gxf6 16. f4 Bd6 17. g4 Rg8 18. g5 O-O-O 19. Kf2 fxg5 20. fxe5 Rgf8+
21. Ke2 Rde8 22. Kd1 Rxe5 23. Na3 Rxe1+ 24. Kxe1 g4 0-1

[Event "Challenge"]
[Site "http://www.queenalice.com/game.php?id=609515"]
[Date "2009.6.27"]
[Round "-"]
[White "Bon"]
[Black "loulou429"]
[Result "1-0"]
[WhiteElo "1616"]
[BlackElo "1598"]

1. e4 e5 2. Nf3 Nc6 3. Nc3 Nf6 4. Bb5 Bc5 5. Bxc6 dxc6 6. Nxe5 Qd4 7. Nd3 O-O 8.
Qf3 Re8 9. O-O Bg4 10. Qe3 Qxe3 11. dxe3 Bd6 12. h3 Bd7 13. f3 b5 14. a3 a5 15.
Bd2 c5 16. b4 c4 17. Nf4 Bxf4 18. exf4 Nh5 19. Nd5 Rac8 20. bxa5 Ng3 21. Rfe1
Red8 22. Kf2 Nh5 23. g4 Nf6 24. Nxf6+ gxf6 25. Bc3 c5 26. Bxf6 Re8 27. f5 Ra8
28. Bc3 Rab8 29. Rad1 Bc6 30. Rd6 Rbc8 31. e5 Ba8 32. e6 fxe6 33. fxe6 Rf8 34.
Re3 Rc6 35. e7 Rxd6 36. e8=Q Bc6 37. Qh5 h6 38. g5 Rf5 39. h4 Bb7 40. Re8+ Rf8
41. Rxf8+ Kxf8 42. gxh6 1-0

[Event "Challenge I"]
[Site "http://www.queenalice.com/game.php?id=1102331"]
[Date "2012.9.12"]
[Round "-"]
[White "renet54"]
[Black "Bon"]
[Result "0-1"]
[WhiteElo "1716"]
[BlackElo "1631"]

1. d4 d5 2. Bg5 h6 3. Bf4 Nf6 4. Nf3 Bf5 5. c4 Bxb1 6. Rxb1 dxc4 7. e3 b5 8. Be2
c6 9. O-O Nbd7 10. Re1 Ne4 11. Bg3 Nxg3 12. fxg3 e6 13. Qc2 Bd6 14. e4 O-O 15.
e5 Bb4 16. Red1 a5 17. d5 cxd5 18. Nd4 Bc5 19. Kf1 b4 20. Nc6 Qc7 21. Ne7+ Bxe7
22. Rbc1 Nxe5 23. b3 c3 24. Qb1 Bg5 25. Rc2 Rfd8 26. h4 Be3 27. Qa1 d4 28. Bf3
Nxf3 29. gxf3 Qxg3 30. Rg2 Qxf3+ 31. Ke1 Qxg2 32. a3 Qf2# 0-1

[Event "Challenge II"]
[Site "http://www.queenalice.com/game.php?id=1108819"]
[Date "2012.10.2"]
[Round "-"]
[White "renet54"]
[Black "Bon"]
[Result "1-0"]
[WhiteElo "1651"]
[BlackElo "1650"]

1. d4 d5 2. Nf3 Nc6 3. c4 dxc4 4. e3 Nf6 5. Nc3 e6 6. Bxc4 Bb4 7. O-O Bxc3 8.
bxc3 Ne4 9. Qc2 f5 10. Ba3 Bd7 11. d5 exd5 12. Bxd5 Qe7 13. Bxe7 Kxe7 14. Qb3 b6
15. Bxc6 Bxc6 16. Rad1 Rhf8 17. Qb4+ Kf6 18. Qd4+ Kf7 19. Ne5+ Kg8 20. Nxc6 Rae8
21. f3 Ng5 22. Qc4+ Kh8 23. Rd7 Rxe3 24. Qd4 Rf7 25. Rd8+ Re8 26. Rxe8+ Rf8 27.
Rxf8# 1-0

[Event "Challenge I"]
[Site "http://www.queenalice.com/game.php?id=1115423"]
[Date "2012.10.23"]
[Round "-"]
[White "PallBrandt"]
[Black "Bon"]
[Result "0-1"]
[WhiteElo "1788"]
[BlackElo "1634"]

1. d4 d5 2. c4 dxc4 3. Nc3 Bd7 4. a4 a5 5. e4 e6 6. Bxc4 Bb4 7. Nf3 Nf6 8. Qc2
Bc6 9. d5 exd5 10. exd5 Bxd5 11. Bxd5 Nxd5 12. Qe4+ Qe7 13. Qxe7+ Nxe7 14. O-O
f6 15. Nb5 Na6 16. Bf4 c6 17. Nbd4 O-O 18. Bd2 Bxd2 19. Nxd2 Rfd8 20. N4f3 g5
21. Nc4 Nc5 22. h3 b5 23. axb5 cxb5 24. Ne3 a4 25. Nh2 Nd3 26. Rab1 b4 27. Nhg4
Kg7 28. Rfd1 a3 29. bxa3 Rxa3 30. Nc4 Ra2 31. Rxd3 Rxd3 32. Rxb4 h5 33. Nge3 Ng6
34. Nf5+ Kf7 35. Rb7+ Kf8 36. Ncd6 Kg8 37. Nh6+ Kh8 38. Nhf7+ Kg7 39. Ne5+ Kh6
40. Nxd3 Nh8 41. Nf7+ Nxf7 42. Rxf7 Kg6 43. Rb7 Rd2 44. Ne1 Rd1 45. Kf1 h4 46.
Ke2 Ra1 47. Rb2 f5 48. Nf3 g4 49. hxg4 fxg4 50. Nxh4+ Kg5 51. g3 Ra5 52. Ng2 Kf5
53. Ne3+ Kg5 54. Rb4 Ra2+ 55. Kf1 Ra1+ 56. Kg2 Ra5 0-1

[Event "Challenge"]
[Site "http://www.queenalice.com/game.php?id=1604854"]
[Date "2020.3.29"]
[Round "-"]
[White "Bon"]
[Black "elisa"]
[Result "0-1"]
[WhiteElo "1656"]
[BlackElo "1947"]

1. e4 e5 2. Nf3 Nf6 3. Nc3 Nc6 4. a3 d6 5. h3 Be7 6. Bc4 Be6 7. Bxe6 fxe6 8. d3
d5 9. exd5 exd5 10. Qe2 Nd4 11. Nxd4 exd4 12. Nb5 c6 13. Nxd4 O-O 14. Ne6 Bb4+
15. axb4 Qd6 16. Nxf8 Qxb4+ 17. Kf1 Qxf8 18. h4 Re8 19. Qf3 Qd6 20. Rxa7 Qb4 21.
c3 Qb5 22. Rh3 Qb6 23. Ra4 h5 24. Ra2 d4 25. Rg3 Qb3 26. Ra1 dxc3 27. d4 Ng4 28.
Rxg4 hxg4 29. Qxg4 cxb2 30. Rb1 Qd3+ 31. Kg1 Qxb1 32. Kh2 bxc1=Q 33. h5 Qg1+ 34.
Kh3 Qd3+ 35. f3 Qh1+ 36. Kg3 Qd2 37. Qg6 Qhxg2+ 38. Kh4 Qf4+ 39. Qg4 Qgxg4+ 40.
fxg4 Qf2+ 41. Kg5 Qxd4 42. h6 Qf6+ 43. Kh5 Re5+ 44. g5 Qxg5# 0-1

[Event "Challenge"]
[Site "http://www.queenalice.com/game.php?id=1607451"]
[Date "2020.4.14"]
[Round "-"]
[White "cavaliernoir"]
[Black "Bon"]
[Result "0-1"]
[WhiteElo "1645"]
[BlackElo "1652"]

1. e4 e5 2. Nf3 Nc6 3. d3 h6 4. Be2 Bd6 5. Nfd2 a6 6. Nc4 Qe7 7. Nxd6+ Qxd6 8.
O-O Nf6 9. Nc3 O-O 10. Be3 Qe6 11. a4 Na5 12. b3 Qe7 13. Bd2 Nc6 14. Nb1 Nd4 15.
Be3 Nxe2+ 16. Qxe2 d6 17. Qd2 a5 18. Na3 c6 19. Nc4 Ng4 20. Bb6 Qg5 21. Qxg5
hxg5 22. Bxa5 d5 23. Nxe5 Nxe5 24. Bc7 Ng6 25. e5 Be6 26. a5 Rfc8 27. Bd6 Rd8
28. d4 Nf4 29. Rfe1 Ng6 30. Bc7 Rdc8 31. Bd6 Nh4 32. Be7 Nf5 33. Bc5 f6 34. h3
Kf7 35. c4 dxc4 36. bxc4 Re8 37. Rec1 fxe5 38. dxe5 Rh8 39. Kh2 g4 40. Rc3 gxh3
41. Rxh3 Rxh3+ 42. gxh3 Nh4 43. Kg3 Nf5+ 44. Kf4 Kg6 45. Rb1 Rxa5 46. Bb6 Ra4
47. Rc1 Ne7 48. Ke4 Bxc4 49. Kf4 Nd5+ 50. Kg3 Nxb6 51. f4 Kf5 52. Re1 Be6 53.
Rb1 Ra3+ 54. Kh2 Ra6 55. Rd1 Kxf4 56. Rg1 Ra2+ 57. Kh1 Bd5+ 58. Rg2 Bxg2+ 59.
Kg1 Bxh3 60. Kh1 Re2 0-1

[Event "Challenge"]
[Site "http://www.queenalice.com/game.php?id=1608214"]
[Date "2020.4.18"]
[Round "-"]
[White "elisa"]
[Black "Bon"]
[Result "1-0"]
[WhiteElo "1926"]
[BlackElo "1681"]

1. e4 e5 2. Nc3 Nf6 3. Nf3 Nc6 4. Bc4 h6 5. d4 exd4 6. Nxd4 Nxd4 7. Qxd4 d5 8.
Bxd5 Nxd5 9. Nxd5 Be6 10. Qe3 Bxd5 11. exd5+ Qe7 12. O-O Qxe3 13. fxe3 Bc5 14.
Bd2 f6 15. b4 Bd6 16. c3 O-O 17. e4 b5 18. a4 bxa4 19. Rxa4 Rfe8 20. Re1 Re5 21.
c4 Rh5 22. g3 Kh8 23. Kg2 a6 24. c5 Be5 25. d6 cxd6 26. c6 d5 27. b5 d4 28. Rxa6
Rxa6 29. bxa6 Bb8 30. Rb1 Ba7 31. c7 Rc5 32. Rb8+ Bxb8 33. cxb8=Q+ Kh7 34. a7
Rc2 35. a8=Q Rxd2+ 36. Kh3 d3 37. Qh8+ Kg6 38. Qae8+ Kg5 39. Qxg7# 1-0

[Event "Challenge"]
[Site "http://www.queenalice.com/game.php?id=1609160"]
[Date "2020.4.24"]
[Round "-"]
[White "cavaliernoir"]
[Black "Bon"]
[Result "0-1"]
[WhiteElo "1597"]
[BlackElo "1668"]

1. e4 e5 2. Nf3 Nc6 3. d3 h6 4. c4 Bc5 5. Qe2 Nf6 6. Bd2 d6 7. Qd1 Nd4 8. Nc3
Be6 9. Nxd4 exd4 10. Qa4+ Qd7 11. Qxd7+ Bxd7 12. Ne2 g5 13. f3 O-O-O 14. Nc1
Rhg8 15. Nb3 h5 16. Nxc5 dxc5 17. Be2 h4 18. e5 Nh7 19. O-O f6 20. exf6 Nxf6 21.
b3 g4 22. f4 g3 23. h3 Rde8 24. Bf3 Re6 25. Rfe1 Ra6 26. Re5 b6 27. Re7 Ne8 28.
Rh7 Nf6 29. Rxh4 b5 30. b4 Ra3 31. Be2 Ra6 32. cxb5 Bxb5 33. bxc5 Rc6 34. Bb4
Re6 35. Re1 Ra6 36. a3 Rc6 37. f5 Kb7 38. Rxd4 Rg5 39. Rf4 Kb8 40. Bf3 Ra6 41.
d4 Nd5 42. Rfe4 Rxf5 43. Re5 Rxe5 44. Rxe5 Nxb4 45. axb4 Ra1+ 0-1

[Event "Challenge"]
[Site "http://www.queenalice.com/game.php?id=1610670"]
[Date "2020.5.3"]
[Round "-"]
[White "cavaliernoir"]
[Black "Bon"]
[Result "1-0"]
[WhiteElo "1592"]
[BlackElo "1675"]

1. e4 e5 2. Nf3 Nc6 3. Bc4 Nf6 4. d3 Bc5 5. O-O h6 6. Nc3 a6 7. Bd5 Nd4 8. Bc4
Nxf3+ 9. Qxf3 d6 10. Be3 Bg4 11. Qg3 Qe7 12. Bxc5 dxc5 13. Nd5 Be6 14. Nxe7 Kxe7
15. Qxe5 Rhc8 16. Qxc5+ Kd7 17. Bxe6+ Kxe6 18. Qe3 Ng4 19. Qg3 h5 20. d4 a5 21.
d5+ Kf6 22. f3 Nh6 23. e5+ Ke7 24. Qxg7 Nf5 25. Qg5+ f6 26. Qxf5 Rf8 27. Qxh5
fxe5 28. Qxe5+ Kf7 29. Qxc7+ Kg8 30. Qxb7 Rad8 31. c4 Rb8 32. Qa6 Ra8 33. Qg6+
Kh8 34. Rae1 Ra7 35. Re8 Rxe8 36. Qxe8+ Kh7 37. Re1 Kh6 38. d6 Rb7 39. d7 Rxb2
40. d8=Q Rxa2 41. Qf8+ Kh5 42. g4+ Kg6 43. Re6+ Kh7 44. Qf7# 1-0

[Event "Challenge"]
[Site "http://www.queenalice.com/game.php?id=1611396"]
[Date "2020.5.8"]
[Round "-"]
[White "sylvainl1855"]
[Black "Bon"]
[Result "0-1"]
[WhiteElo "1604"]
[BlackElo "1656"]

1. d3 h6 2. Nf3 Nc6 3. e4 e5 4. c3 Bc5 5. d4 exd4 6. cxd4 Bb4+ 7. Bd2 d5 8. exd5
Bxd2+ 9. Nfxd2 Nxd4 10. Nf3 Nxf3+ 11. gxf3 Ne7 12. Nc3 a6 13. Bc4 Bf5 14. O-O
O-O 15. Rc1 b5 16. Bd3 g6 17. Bxf5 Nxf5 18. Qd2 Qe7 19. Rfe1 Qg5+ 20. Kf1 Qxd2
21. Nb1 Qxd5 22. Red1 Qxf3 23. Re1 Qh1+ 24. Ke2 Qxh2 25. Nd2 Qe5+ 26. Kd1 Qxb2
27. Rb1 Qxa2 28. Ke2 Rad8 29. Rbd1 Nd4+ 30. Kf1 Qd5 31. Re4 Qh5 32. Ree1 Qh1#
0-1

[Event "Challenge"]
[Site "http://www.queenalice.com/game.php?id=1611521"]
[Date "2020.5.9"]
[Round "-"]
[White "Bon"]
[Black "cavaliernoir"]
[Result "0-1"]
[WhiteElo "1670"]
[BlackElo "1603"]

1. e4 e5 2. a3 Nf6 3. Nc3 c6 4. Nf3 d6 5. Bc4 Be7 6. d3 d5 7. exd5 cxd5 8. Bb5+
Bd7 9. Nxe5 Bxb5 10. Nxb5 Qb6 11. Nc3 Bc5 12. Qe2 Bd4 13. Ng4+ Kf8 14. Nxf6 Qxf6
15. Be3 Qe5 16. Bxd4 Qxd4 17. O-O Nd7 18. Rab1 Nc5 19. Qe1 Na4 20. Nxa4 Qxa4 21.
c3 Re8 22. Qd1 Qc6 23. b4 Qxc3 24. Rb3 Qc6 25. d4 Qe6 26. Re3 Qc8 27. Qa4 a6 28.
Rxe8+ Qxe8 29. Qxe8+ Kxe8 30. Rc1 Kd8 31. Rc5 Re8 32. Rxd5+ Kc8 33. Rc5+ Kb8 34.
h3 Ka7 35. a4 Re4 36. Rc4 g5 37. g4 Rf4 38. Kg2 Rf6 39. d5 b5 40. a5 bxc4 41.
Kf1 Rd6 42. Ke2 Rxd5 43. Ke3 c3 44. Ke4 Rd2 45. Ke3 Ra2 46. Kd3 c2 47. Kd2 Kb7
48. Kc1 Ra4 49. Kxc2 Rxb4 50. Kc3 Rf4 51. h4 gxh4 52. Kd3 h3 53. Ke3 Rxg4 54. f3
h2 55. fxg4 h1=Q 56. Kf4 Kc6 57. Kf5 Qf1+ 58. Kg5 Kb5 59. Kh6 Kxa5 60. Kxh7 Kb5
61. g5 a5 62. g6 fxg6 63. Kxg6 a4 64. Kg5 a3 65. Kg4 a2 66. Kg3 a1=Q 67. Kh4 Kc5
68. Kh5 Kd6 69. Kh6 Ke6 70. Kg5 Kf7 71. Kh6 Qh1+ 72. Kg5 Qac1+ 73. Kg4 Kf6 74.
Kg3 Qhg1+ 75. Kh3 Qcf1+ 76. Kh4 Qf4+ 77. Kh3 Qh6# 0-1

[Event "Challenge"]
[Site "http://www.queenalice.com/game.php?id=1613203"]
[Date "2020.5.22"]
[Round "-"]
[White "Bon"]
[Black "elisa"]
[Result "0-1"]
[WhiteElo "1651"]
[BlackElo "1939"]

1. e4 e5 2. Nf3 Nf6 3. Nc3 Nc6 4. a3 d6 5. h3 Be7 6. Bb5 O-O 7. Bxc6 bxc6 8. d4
c5 9. dxc5 Bb7 10. Qd3 dxc5 11. Qxd8 Rfxd8 12. Nxe5 Bxe4 13. Nxe4 Nxe4 14. Nc6
Re8 15. Bf4 Bg5 16. Bxg5 Nxg5+ 17. Kf1 Re6 18. Na5 Ne4 19. g3 Rd8 20. Kg2 Rd2
21. Rhd1 Rxf2+ 22. Kg1 h5 23. Nc4 Rg6 24. g4 hxg4 25. h4 g3 26. h5 Rh6 27. Ne3
Ng5 28. Ng4 Nh3+ 29. Kh1 g2+ 30. Kh2 g1=Q+ 31. Kxh3 Rxh5# 0-1

[Event "Challenge"]
[Site "http://www.queenalice.com/game.php?id=1613698"]
[Date "2020.5.25"]
[Round "-"]
[White "Bon"]
[Black "cavaliernoir"]
[Result "1-0"]
[WhiteElo "1647"]
[BlackElo "1559"]

1. e4 e5 2. Nf3 Nf6 3. Nc3 Bb4 4. Nd5 d6 5. Nxb4 Nxe4 6. d3 Nf6 7. Be3 c5 8. Qd2
cxb4 9. Qxb4 a5 10. Qb5+ Nc6 11. a3 O-O 12. Bb6 Qd7 13. h3 Ra6 14. Be3 Nh5 15.
d4 Qe6 16. Qb3 Qxb3 17. cxb3 Rb6 18. dxe5 dxe5 19. Bxb6 Be6 20. Bc4 Nf4 21. Bxe6
fxe6 22. O-O e4 23. Ng5 Nd3 24. Rab1 e5 25. Nxe4 Rf4 26. Nd6 a4 27. Be3 Rf6 28.
Rfd1 Rxd6 29. bxa4 Na5 30. Bc5 Rd5 31. Be3 b6 32. Bxb6 Rd6 33. Be3 Nc4 34. Bc1
e4 35. b3 Nce5 36. a5 Nc6 37. b4 Nb8 38. b5 Re6 39. Be3 Kf8 40. b6 Ke8 41. b7
Ra6 42. Rb5 Kd7 43. Bb6 Kc6 44. Rdb1 Kxb7 45. Bd4+ Kc6 46. Rxb8 Rxa5 47. f3 exf3
48. gxf3 Rxa3 49. Rd8 g5 50. Bf6 h6 51. Rd1 Nf4 52. Kh2 Rxf3 53. R1d6+ Kc7 54.
Rd2 Rxh3+ 55. Kg1 g4 56. Be5+ Kc6 57. Bxf4 h5 58. Rc2+ Kb7 59. Rd5 Kb6 60. Rd7
Rb3 61. Rh7 g3 62. Rxh5 Rf3 63. Bb8 Kb7 64. Rb5+ Ka6 65. Rb4 Ka5 66. Bd6 Rd3 67.
Ra2+ 1-0